000 00227nam a2200097Ia 4500
005 20251222114340.0
008 251222s1900||||xx |||||||||||||| ||spa||
082 _aDVD0092/S25U/2000
245 0 _aBautismo Agüita Fría:
942 _cDVD
999 _c820
_d820